Statistics for Top 50 Most Livable Cities in the World 2018

Click here to take the quiz!

General Stats

  • This quiz has been taken 326 times
  • The average score is 44 of 54

Answer Stats

#CityCountry% Correct
11SydneyAustralia
97%
1ViennaAustria
97%
13BerlinGermany
95%
17TorontoCanada
94%
9CopenhagenDenmark
93%
26OsloNorway
93%
41LondonUnited Kingdom
92%
16MelbourneAustralia
92%
39ParisFrance
92%
23StockholmSweden
92%
2ZürichSwitzerland
92%
12AmsterdamNetherlands
91%
34DublinIreland
91%
18LuxembourgLuxembourg
91%
49MadridSpain
91%
3MunichGermany
91%
45New YorkUnited States
91%
50TokyoJapan
91%
14BernSwitzerland
90%
27BrusselsBelgium
90%
38LisbonPortugal
90%
25SingaporeSingapore
90%
3AucklandNew Zealand
89%
43BarcelonaSpain
89%
32HelsinkiFinland
89%
5VancouverCanada
89%
21PerthAustralia
88%
15WellingtonNew Zealand
88%
7FrankfurtGermany
86%
42MilanItaly
85%
21MontrealCanada
85%
20HamburgGermany
84%
19OttawaCanada
84%
8GenevaSwitzerland
82%
30San FranciscoUnited States
80%
35BostonUnited States
79%
47ChicagoUnited States
79%
40LyonFrance
76%
30CanberraAustralia
75%
37BrisbaneAustralia
74%
44SeattleUnited States
74%
46EdinburghUnited Kingdom
73%
29AdelaideAustralia
72%
50BirminghamUnited Kingdom
70%
50GlasgowUnited Kingdom
70%
6DüsseldorfGermany
69%
33CalgaryCanada
68%
48WashingtonUnited States
68%
50PhiladelphiaUnited States
63%
28StuttgartGermany
59%
10BaselSwitzerland
56%
23NurnbergGermany
42%
36HonoluluUnited States
33%
50KobeJapan
30%

Score Distribution

Percentile by Number Answered

Percent of People with Each Score

Your Score History

You have not taken this quiz